Score 0/19 Timer 02:00
1 Play Today
Clue 5-Letter Word % Correct
ABC's 'The Brady _____'BUNCH
97%
Park or garden seatingBENCH
95.9%
April, e.g.MONTH
94.2%
Typical party beveragePUNCH
94.2%
BurpBELCH
94.1%
_____ PythonMONTY
94%
★ Language of Cardiff ★★ WELSH ★
92.2%
Small recipe amountPINCH
92%
Like many toothpastesMINTY
89.9%
Lounge or living room seatingCOUCH
89.9%
Clue 5-Letter Word % Correct
Laura Bush's maiden nameWELCH
87.6%
Makes new coinsMINTS
87.5%
CluesHINTS
86.7%
Cave entranceMOUTH
85.5%
Sure successCINCH
80.1%
Triton's trumpetCONCH
79.9%
★ Language of Delhi ★★ HINDI ★
79.4%
ClassyCOUTH
77.6%
Several female deerHINDS
74.2%

Today's Daily Dose

Remove Ads.
Support Sporcle.
Get the best of Sporcle when you Go Orange. This ad-free experience offers more features, more stats, and more fun while also helping to support Sporcle. Thank you for becoming a member.

You're not logged in!

Compare scores with friends on all Sporcle quizzes.
OR
Log In

Show Comments

Extras

Top Quizzes Today


Score Distribution

Your Account Isn't Verified!

In order to create a playlist on Sporcle, you need to verify the email address you used during registration. Go to your Sporcle Settings to finish the process.

Report this User

Report this user for behavior that violates our Community Guidelines.

Details: